| 000 | 00859nam a2200277Ia 4500 | ||
|---|---|---|---|
| 003 | OSt | ||
| 005 | 20221007094843.0 | ||
| 006 | a|||||r|||| 00| 0 | ||
| 007 | ta | ||
| 008 | 221006b |||||||| |||| 00| 0 eng d | ||
| 024 | _a210 | ||
| 037 | _cTextual | ||
| 040 |
_aLCO _cLCO _beng |
||
| 041 |
_2eng _aeng |
||
| 082 | _aX:97D, M5 | ||
| 100 |
_aLeelakrishan P Ed. _9700602 |
||
| 245 | 0 |
_aTribal Welfare _b Law and Practice D. Rajeev |
|
| 260 |
_aCochin _bUniversity of Cochin India _c1985 |
||
| 300 | _a287 | ||
| 650 |
_aTRIBAL WELFARE _9700603 |
||
| 700 |
_a D. Rajeev _9700604 |
||
| 700 |
_a N.S. Chandrasekharan Ed. _9700605 |
||
| 700 | _a Pillai K.N. Chandrasekharan Ed. | ||
| 942 |
_hX:97D, M5 _cTEXL |
||
| 999 |
_c1169773 _d1169773 |
||